Order and might /

Bibliographic Details
Main Author: Rotenstreich, Nathan, 1914-1993
Format: Book
Language:English
Published: Albany : State University of New York Press, [1988]
Series:SUNY series in philosophy.
Subjects:

MARC

Tag First Indicator Second Indicator Subfields
LEADER 00000cam a2200000 a 4500
001 in00000030926
005 20151007054911.0
008 870403s1988 nyu b s00110 eng
010 |a  87009980  
020 |a 0887066283 
020 |a 0887066305 (pbk.) 
035 |a (OCoLC)15548998 
035 |9 AAB6569AM 
040 |a DLC  |c DLC  |d TXA  |d UtOrBLW 
049 |a TXAM  |c [A11522703] 
050 0 0 |a JC330  |b .R673 1988 
082 0 |a 303.3/3  |2 19 
100 1 |a Rotenstreich, Nathan,  |d 1914-1993. 
245 1 0 |a Order and might /  |c Nathan Rotenstreich. 
264 1 |a Albany :  |b State University of New York Press,  |c [1988] 
264 4 |c ©1988 
300 |a 238 pages ;  |c 24 cm. 
336 |a text  |b txt  |2 rdacontent 
337 |a unmediated  |b n  |2 rdamedia 
338 |a volume  |b nc  |2 rdacarrier 
490 1 |a SUNY series in philosophy 
504 |a Includes bibliographies and indexes. 
650 0 |a Power (Social sciences) 
650 0 |a State, The. 
650 0 |a Human rights. 
650 0 |a Political obligation. 
830 0 |a SUNY series in philosophy. 
999 |a MARS 
999 f f |s cec2d44a-74ee-3bea-a7c7-326a86dae780  |i df6bab45-e384-30e4-9ed5-1d4029bc8979  |t 0 
952 f f |p ric  |a Texas A&M University  |b Rellis Campus  |c Joint Library Facility  |d Remote Storage  |t 0  |e JC330 .R673 1988  |h Library of Congress classification  |i unmediated -- volume  |m A14811522703 
998 f f |a JC330 .R673 1988  |t 0  |l Remote Storage